2024 NHL First Round Draft Selections - Statistics

General Stats
  • This quiz has been taken 65 times
  • The average score is 16 of 32
Answer Stats
Pick Name Team Position % Correct
1 Macklin Celebrini SJS C
100%
4 Cayden Lindstrom CBJ C
87%
5 Ivan Demidov MTL RW
87%
3 Beckett Sennecke ANA RW
85%
2 Artyom Levshunov CHI D
79%
9 Zayne Parekh CGY D
74%
6 Tij Iginla UTA C
72%
12 Zeev Buium MIN D
72%
7 Carter Yakemchuk OTT D
67%
8 Berkly Catton SEA C
62%
11 Sam Dickinson SJS D
62%
20 Cole Eiserman NYI LW
54%
13 Jett Luchanko PHI C
51%
21 Michael Hage MTL C
49%
10 Anton Silayev NJD D
46%
31 Ben Danford TOR D
44%
19 Trevor Connelly VGK LW
44%
25 Dean Letourneau BOS C
41%
14 Konsta Helenius BUF C
41%
15 Michael Brandsegg-Nygard DET RW
41%
32 Sam O'Reilly EDM RW
41%
26 Liam Greentree LAK RW
33%
18 Sacha Boisvert CHI C
33%
30 EJ Emery NYR D
31%
17 Terik Parascak WSH RW
31%
16 Adam Jiricek STL D
28%
23 Stian Solberg ANA D
28%
24 Cole Beaudoin UTA C
23%
22 Egor Surin NSH C
23%
28 Matvei Gridin CGY RW
23%
29 Emil Hemming DAL RW
21%
27 Marek Vanacker CHI LW
21%
No matching quizzes found
Score Distribution
Percent of People with Each Score
Percentile by Number Answered
Your Score History
You have not taken this quiz